Music Quiz

Random Music or Artist Quiz

One Hit Wonders (1980s) Quiz Stats

 Plays Quiz Updated Dec 18, 2018

Support Sporcle.
Go Orange.
Score 0/30 Timer 07:00
0 Plays Today
Song Artist % Correct
Whip ItDevo
82.6%
Come On EileenDexys Midnight Runners
67%
Tainted LoveSoft Cell
66.6%
99 LuftballonsNena
64.4%
MickeyToni Basil
56.1%
She's Like the WindPatrick Swayze
44.5%
FunkytownLipps, Inc.
43.5%
Don't Worry Be HappyBobby McFerrin
41%
I Want CandyBow Wow Wow
38.3%
Turning JapaneseThe Vapors
35.5%
Puttin' On The RitzTaco
34.7%
I Melt With YouModern English
33.1%
Hot, Hot, HotBuster Poindexter
27.3%
Mexican RadioWall of Voodoo
17.4%
HeartbeatDon Johnson
17.1%
Song Artist % Correct
Axel FHarold Faltermeyer
17.1%
Tarzan BoyBaltimora
16.5%
Never Ending StoryLimahl
15%
Turn Up The RadioAutograph
14.6%
Pump up the VolumeMARRS
13.7%
Major TomPeter Schilling
12.9%
Lean on MeClub Nouveau
11%
Spirit in the SkyDoctor & the Medics
9.7%
When I'm with YouSheriff
8.1%
Believe It or NotJoey Scarbury
7.9%
Far From OverFrank Stallone
6.1%
SupersonicJ. J. Fad
6.1%
Everybody's Got to Learn SometimeKorgis
4.4%
I Wanna Be a CowboyBoys Don't Cry
4.1%
Wait For YouBonham
2%

From the Vault

Layered USA

by goc3

Geography 15m
Here's a quiz with many layers.
Remove Ads.
Support Sporcle.
Get the best of Sporcle when you Go Orange. This ad-free experience offers more features, more stats, and more fun while also helping to support Sporcle. Thank you for becoming a member.

Show Comments

Extras

Top Quizzes Today


Score Distribution

Your Account Isn't Verified!

In order to create a playlist on Sporcle, you need to verify the email address you used during registration. Go to your Sporcle Settings to finish the process.

Report this User

Report this user for behavior that violates our Community Guidelines.

Details: